00605nam a2200181 a 450000100100000000500170001000800410002702000170006804000250008508200160011024500600012626000410018630000250022770000250025204900090027795201200028699900170040600002543920200930023805.0110216s1975 nyu r 000 0 eng d a34524415X195 aDO-SdBNPbspacBNPHU axxxxxbK97504aThe best of Henry Kuttner /cintroduction Ray Bradbury. aNew York :bBallantine Books,c1975. axv, 398 p. ;c18 cm.1 aBradbury, Ray947111 aBNGR 001054708MOaGRbGRcCTd2011-02-16iLF1l0oxxxxx K975p25439-10r2020-06-25w2020-06-25y4ZPréstamo en sala c24931d24931